La misa de los que no son sacerdotes

Uloženo v:
Podrobná bibliografie
Hlavní autor: Desplanques, F (Autor)
Médium: Kniha
Jazyk:španělština
Vydáno: Buenos Aires Difusión 1942
Vydání:2a. ed
Témata:
Tagy: Přidat tag
Žádné tagy, Buďte první, kdo vytvoří štítek k tomuto záznamu!

MARC

LEADER 00000nam a2200000 a 4500
001 UCR1113
003 CL-VaPUC
008 971212e19420000AG |||||||||||||||||spa|d
082 0 4 |a 264.36  |b DES  |2 21 
100 0 |a Desplanques, F  |e author  |9 397958 
245 1 3 |a La misa de los que no son sacerdotes 
250 |a 2a. ed 
300 |a 246 p 
942 |c BK 
945 |d 19971212 00:00:00  |a rleighto 
260 |a Buenos Aires  |b Difusión  |c 1942 
650 0 |a Misa  |9 329325 
650 7 |a EVANGELIO  |2 CL-VaPUC  |9 368586 
650 0 |a Iglesia   |9 255004 
650 0 |a Sagrada Comunión   |9 397959 
583 |a last modification  |c 19971212 00:00:00  |k Rodrigo Vera 
999 |c 264604  |d 264602 
952 |0 0  |1 0  |4 0  |6 264_360000000000000_DES_1942  |7 0  |8 P  |9 294945  |a BIBTEO  |b BIBTES  |c TEO_FTES  |d 2019-11-19  |i 337257K  |o 264.36 DES 1942  |p 337257K  |r 2024-01-18  |w 2019-11-19  |y BK  |k ICR